[Event "47th IT Bosna 2017"]
[Site "Sarajevo"]
[Date "2017.05.14"]
[Round "2.5"]
[White "Hadzovic, Amir"]
[Black "Milanovic, Danilo"]
[Result "1/2-1/2"]
[WhiteElo "2280"]
[BlackElo "2510"]
[PlyCount "111"]
[EventDate "2017.05.13"]

1. Nf3 c5 2. g3 Nc6 3. Bg2 g6 4. d3 Bg7 5. O-O Nf6 6. c3 O-O 7. Qa4 h6 8. e4 d6
9. Na3 Bd7 10. Qd1 Rb8 11. Nc2 b5 12. Nd2 b4 13. c4 Ne8 14. f4 f5 15. Ne3 Nd4
16. Nf3 e6 17. Kh1 Bc6 18. Nxd4 cxd4 19. Nc2 Qb6 20. b3 Qb7 21. Bb2 e5 22. Qe2
fxe4 23. Bxe4 Nf6 24. Bxc6 Qxc6+ 25. Qg2 Qxg2+ 26. Kxg2 Nd7 27. fxe5 dxe5 28.
Rxf8+ Bxf8 29. Ne1 Nc5 30. Rd1 a5 31. Nf3 Bg7 32. Kf2 a4 33. Ke2 axb3 34. axb3
Nxb3 35. Nd2 Nc5 36. Rb1 Ra8 37. Bc1 Bf8 38. Nb3 Ra2+ 39. Bd2 Na4 40. Ra1 Rxa1
41. Nxa1 h5 42. Nb3 Kf7 43. h3 Ke6 44. g4 Be7 45. Kd1 hxg4 46. hxg4 Nc5 47.
Nxc5+ Bxc5 48. Kc2 e4 49. dxe4 Ke5 50. Kd3 b3 51. Bc1 Ba7 52. Ba3 Kf4 53. c5 b2
54. Bxb2 Bxc5 55. Bxd4 Be7 56. Be3+ 1/2-1/2

[Event "47th IT Bosna 2017"]
[Site "Sarajevo"]
[Date "2017.05.14"]
[Round "2.6"]
[White "Nestorovic, Nikola"]
[Black "Van Der Put, Frank"]
[Result "1-0"]
[WhiteElo "2506"]
[BlackElo "2258"]
[PlyCount "59"]
[EventDate "2017.05.13"]

1. e4 d5 2. exd5 Qxd5 3. Nc3 Qd6 4. d4 c6 5. Nf3 Bg4 6. Be3 Nf6 7. h3 Bxf3 8.
Qxf3 e6 9. O-O-O Qc7 10. Bd3 Nbd7 11. g4 Bd6 12. g5 Nd5 13. Ne4 Nb4 14. Bc4 Nb6
15. Bb3 a5 16. a4 N4d5 17. Nxd6+ Qxd6 18. Bd2 Nc8 19. h4 Nce7 20. h5 Nf5 21.
Qe4 Nde7 22. Bf4 Qb4 23. g6 hxg6 24. hxg6 Nxg6 25. Rxh8+ Nxh8 26. Bxe6 Ne7 27.
Bf5 Kf8 28. c3 Qb6 29. Bd6 Re8 30. Rh1 1-0

[Event "47th IT Bosna 2017"]
[Site "Sarajevo"]
[Date "2017.05.14"]
[Round "2.7"]
[White "Hodzic, Nihad"]
[Black "Kosic, Dragan"]
[Result "1/2-1/2"]
[WhiteElo "2266"]
[BlackElo "2485"]
[PlyCount "46"]
[EventDate "2017.05.13"]

1. d4 Nf6 2. c4 e6 3. Nc3 Bb4 4. Qc2 O-O 5. e4 d5 6. e5 Ne4 7. a3 Bxc3+ 8. bxc3
c5 9. Bb2 cxd4 10. cxd4 Qa5+ 11. Ke2 f5 12. f3 Ng5 13. h4 Nf7 14. Kf2 Nc6 15.
Rd1 Bd7 16. cxd5 exd5 17. Nh3 Rac8 18. Qd2 Qa4 19. Rc1 Na5 20. Rxc8 Rxc8 21.
Bd3 Nc4 22. Bxc4 Rxc4 23. Rc1 Rxc1 1/2-1/2

[Event "47th IT Bosna 2017"]
[Site "Sarajevo"]
[Date "2017.05.14"]
[Round "2.8"]
[White "Blagojevic, Dragisa"]
[Black "Zarkovic, Mila"]
[Result "1-0"]
[WhiteElo "2480"]
[BlackElo "2251"]
[PlyCount "57"]
[EventDate "2017.05.13"]

1. d4 Nf6 2. c4 e6 3. Nf3 b6 4. g3 Bb7 5. Bg2 Be7 6. O-O O-O 7. Nc3 Ne4 8. Qc2
Nxc3 9. Qxc3 f5 10. d5 Bf6 11. Qc2 exd5 12. Ne1 Na6 13. Nd3 Kh8 14. cxd5 Qe8
15. Bf4 d6 16. Rac1 Qf7 17. Rfd1 Rfe8 18. Qc4 Nc5 19. Nxc5 bxc5 20. b4 a5 21.
bxc5 Ba6 22. Qc2 Rxe2 23. Qa4 Rb2 24. cxd6 cxd6 25. Bxd6 Be2 26. Re1 Bb5 27.
Qa3 Rd8 28. Be5 Rd2 29. Qxa5 1-0

[Event "47th IT Bosna 2017"]
[Site "Sarajevo"]
[Date "2017.05.14"]
[Round "2.9"]
[White "Eric, Jovana"]
[Black "Stojanovic, Dalibor"]
[Result "1/2-1/2"]
[WhiteElo "2237"]
[BlackElo "2478"]
[PlyCount "28"]
[EventDate "2017.05.13"]

1. e4 c5 2. Nf3 d6 3. d4 cxd4 4. Nxd4 Nf6 5. Nc3 Nc6 6. Bg5 Qb6 7. Nb3 e6 8.
Bf4 Ne5 9. Be3 Qc7 10. f4 Nc6 11. g4 d5 12. e5 Ne4 13. Nxe4 dxe4 14. Bg2 h5
1/2-1/2

[Event "47th IT Bosna 2017"]
[Site "Sarajevo"]
[Date "2017.05.14"]
[Round "2.10"]
[White "Drasko, Milan"]
[Black "Sukovic, Andrej"]
[Result "1/2-1/2"]
[WhiteElo "2446"]
[BlackElo "2236"]
[PlyCount "43"]
[EventDate "2017.05.13"]

1. Nf3 Nf6 2. g3 g6 3. Bg2 Bg7 4. O-O O-O 5. d4 d6 6. c4 Nc6 7. d5 Na5 8. Nc3
a6 9. b3 c5 10. dxc6 Nxc6 11. Bb2 Qa5 12. Nd5 Nxd5 13. Bxg7 Nc3 14. Bxc3 Qxc3
15. e3 Bg4 16. h3 Bxf3 17. Qxf3 Rac8 18. Rfc1 Qb2 19. Rcb1 Qc2 20. Qe4 Qxe4 21.
Bxe4 Rc7 22. Kf1 1/2-1/2

[Event "47th IT Bosna 2017"]
[Site "Sarajevo"]
[Date "2017.05.14"]
[Round "2.11"]
[White "Sitnic, Adnan"]
[Black "Lajthajm, Borko"]
[Result "0-1"]
[WhiteElo "2235"]
[BlackElo "2428"]
[PlyCount "70"]
[EventDate "2017.05.13"]

1. e4 e5 2. Nf3 Nc6 3. Bc4 d6 4. d4 exd4 5. Nxd4 g6 6. Nxc6 bxc6 7. Qf3 Qf6 8.
Qxf6 Nxf6 9. Nc3 Bg7 10. Bf4 Nd7 11. O-O-O Nb6 12. Bb3 Bxc3 13. bxc3 a5 14. a4
Be6 15. e5 d5 16. Be3 Nd7 17. Rhe1 h5 18. f3 h4 19. g4 hxg3 20. hxg3 O-O-O 21.
Bg5 Rde8 22. Rd4 Nb6 23. c4 dxc4 24. Ba2 Rh3 25. Bd2 c5 26. Rf4 g5 27. Rfe4 Bd5
28. Rg4 c3 29. Bxc3 Bxa2 30. Bxa5 Bd5 31. Rxg5 Bxf3 32. e6 Rxe6 33. Rxe6 fxe6
34. Rxc5 Kb7 35. Bd2 Rh1+ 0-1

[Event "47th IT Bosna 2017"]
[Site "Sarajevo"]
[Date "2017.05.14"]
[Round "2.12"]
[White "Drazic, Sinisa"]
[Black "Velikic, Adela"]
[Result "1-0"]
[WhiteElo "2427"]
[BlackElo "2204"]
[PlyCount "95"]
[EventDate "2017.05.13"]

1. e4 c5 2. Nf3 d6 3. d4 cxd4 4. Nxd4 Nf6 5. f3 e5 6. Bb5+ Bd7 7. Bxd7+ Qxd7 8.
Nf5 d5 9. Bg5 dxe4 10. Bxf6 Qxd1+ 11. Kxd1 gxf6 12. fxe4 Nc6 13. c3 Rg8 14. g3
Rd8+ 15. Nd2 Ne7 16. Nxe7 Kxe7 17. Kc2 Rg4 18. Rae1 h5 19. Nf3 Ke6 20. Rhf1 Bh6
21. Re2 Bg5 22. Ne1 h4 23. Rf3 hxg3 24. hxg3 Rh8 25. Nd3 Rh3 26. Nc5+ Ke7 27.
Nxb7 Rgxg3 28. Rxg3 Rxg3 29. a4 Be3 30. Kd3 Bg1+ 31. Kc4 f5 32. exf5 Kf6 33.
Nd6 Rg4+ 34. Kb5 Rf4 35. b4 Ke7 36. Kc6 Rf3 37. Rxe5+ Kf6 38. Re1 Bh2 39. c4
Rb3 40. b5 Rb4 41. a5 Ra4 42. a6 Bxd6 43. Kxd6 Rxc4 44. Re7 Rb4 45. Rb7 Rd4+
46. Kc6 Rc4+ 47. Kd5 Rb4 48. Kc5 1-0

[Event "47th IT Bosna 2017"]
[Site "Sarajevo"]
[Date "2017.05.14"]
[Round "2.13"]
[White "Mrndjic, Muamer"]
[Black "Filipovic, Branko"]
[Result "0-1"]
[WhiteElo "2199"]
[BlackElo "2413"]
[PlyCount "124"]
[EventDate "2017.05.13"]

1. d4 a6 2. e4 e6 3. Bd3 d5 4. Nf3 dxe4 5. Bxe4 Nf6 6. Bd3 c5 7. dxc5 Bxc5 8.
O-O Qc7 9. Qe2 Nbd7 10. a3 Bd6 11. Nbd2 Nc5 12. Bc4 b5 13. Ba2 O-O 14. c4 Bb7
15. h3 Rfd8 16. Bb1 bxc4 17. Qxc4 a5 18. Qh4 Be7 19. Re1 Nfe4 20. Qg4 f5 21.
Qh5 Nf6 22. Qh4 Ng4 23. Qg3 Qxg3 24. fxg3 Nf6 25. Bc2 Nce4 26. Nxe4 Nxe4 27.
Bf4 Bf6 28. Rab1 Bd5 29. Kh2 Rac8 30. Ba4 Nc5 31. Bc2 Nb3 32. Bxb3 Bxb3 33. Be5
a4 34. Rbc1 Bd5 35. Bxf6 gxf6 36. Rxc8 Rxc8 37. Nd4 Kf7 38. Rd1 Rc5 39. Rd2 Ke7
40. Ne2 Bc6 41. Nc3 Rc4 42. Kg1 h5 43. Kf2 e5 44. Nd1 Ke6 45. Nc3 f4 46. Rd8
fxg3+ 47. Kxg3 h4+ 48. Kf2 Rf4+ 49. Kg1 Rd4 50. Rxd4 exd4 51. Ne2 Ke5 52. Kf2
Ke4 53. g3 hxg3+ 54. Nxg3+ Kd3 55. h4 Kc2 56. h5 Be8 57. h6 Bg6 58. Ne2 d3 59.
Nf4 Bh7 60. Nd5 d2 61. Ne3+ Kc1 62. Ke2 Bc2 0-1

[Event "47th IT Bosna 2017"]
[Site "Sarajevo"]
[Date "2017.05.14"]
[Round "2.14"]
[White "Marjanovic, Dejan"]
[Black "Buzeti, Jernej"]
[Result "0-1"]
[WhiteElo "2412"]
[BlackElo "2196"]
[PlyCount "74"]
[EventDate "2017.05.13"]

1. d4 d5 2. Nf3 Nf6 3. c4 c6 4. g3 e6 5. Bg2 Bb4+ 6. Bd2 Be7 7. O-O O-O 8. Qc2
b6 9. Rd1 Ba6 10. b3 Nbd7 11. a4 Rc8 12. a5 b5 13. c5 Ne4 14. Nc3 Nxc3 15. Bxc3
f5 16. Ne1 Bf6 17. Nd3 Qe8 18. Nb4 Nb8 19. Rd3 Rc7 20. f3 g5 21. e4 Bc8 22. Re1
Qg6 23. Rd2 Rg7 24. Rde2 Bd8 25. Nd3 Bc7 26. Qd2 f4 27. e5 b4 28. Nxb4 g4 29.
Rf1 fxg3 30. hxg3 gxf3 31. Bxf3 Bxa5 32. Rg2 Bxb4 33. Bxb4 Ba6 34. Rff2 Rgf7
35. Qe3 Qb1+ 36. Kh2 Qg6 37. Bd2 Rxf3 0-1

[Event "47th IT Bosna 2017"]
[Site "Sarajevo"]
[Date "2017.05.14"]
[Round "2.15"]
[White "Terzic, Ilijas"]
[Black "Stankovic, Milos"]
[Result "1-0"]
[WhiteElo "2163"]
[BlackElo "2406"]
[PlyCount "77"]
[EventDate "2017.05.13"]

1. d4 Nf6 2. Nf3 g6 3. c4 Bg7 4. Nc3 d5 5. cxd5 Nxd5 6. Bd2 Nb6 7. Bf4 O-O 8.
e3 N8d7 9. Rc1 c6 10. Be2 Nf6 11. h3 Be6 12. O-O Nbd5 13. Nxd5 Bxd5 14. Bc4 Qa5
15. a3 Qb6 16. Qe2 Rfd8 17. Ne5 Rac8 18. Nd3 Ne4 19. Rc2 Nd6 20. Bxd5 cxd5 21.
Rfc1 Rxc2 22. Qxc2 Nc4 23. a4 Re8 24. b3 Nd6 25. Bxd6 exd6 26. Nf4 Qa5 27. Qc3
Qa6 28. Nxd5 Qe2 29. Nf4 Qa6 30. Qc4 Qa5 31. Qb5 Qd8 32. Qxb7 Bh6 33. Nd5 Qg5
34. Rc7 Rf8 35. Qc6 Kg7 36. Rxa7 Qf5 37. Qxd6 Rc8 38. Qe5+ Qxe5 39. dxe5 1-0

[Event "47th IT Bosna 2017"]
[Site "Sarajevo"]
[Date "2017.05.14"]
[Round "2.16"]
[White "Jakovljevic, Vlado"]
[Black "Reinhard, Marcus"]
[Result "1-0"]
[WhiteElo "2384"]
[BlackElo "2168"]
[PlyCount "41"]
[EventDate "2017.05.13"]

1. Nf3 c5 2. c4 Nf6 3. Nc3 b6 4. g3 Bb7 5. Bg2 g6 6. O-O Bg7 7. d4 cxd4 8. Qxd4
Na6 9. Be3 O-O 10. Qh4 Nc7 11. Rfd1 Rc8 12. Rac1 Ne6 13. b3 h5 14. h3 a6 15. g4
b5 16. cxb5 hxg4 17. bxa6 Bxf3 18. exf3 Qa5 19. fxg4 Rxc3 20. Rxc3 Qxc3 21. g5
1-0

[Event "47th IT Bosna 2017"]
[Site "Sarajevo"]
[Date "2017.05.14"]
[Round "2.17"]
[White "Krstonijevic, Stjepan"]
[Black "Muratovic, Efim"]
[Result "1-0"]
[WhiteElo "2155"]
[BlackElo "2383"]
[PlyCount "111"]
[EventDate "2017.05.13"]

1. e4 e5 2. Nf3 Nf6 3. Nxe5 d6 4. Nf3 Nxe4 5. Nc3 Nxc3 6. dxc3 Be7 7. Bf4 O-O
8. Qd2 Nd7 9. Be2 Nc5 10. O-O Bf5 11. Nd4 Bg6 12. Bf3 d5 13. Ne2 c6 14. Ng3 Re8
15. Be3 Ne6 16. Bh5 Qa5 17. Bxg6 hxg6 18. Ne2 Bf6 19. Rfd1 Rad8 20. Nd4 Qa4 21.
Nxe6 Rxe6 22. a3 Rde8 23. Qd3 Re4 24. Kf1 Qa5 25. Re1 Qc7 26. f3 R4e7 27. g3
Qd7 28. Kg2 b6 29. Bf2 Rxe1 30. Rxe1 Rxe1 31. Bxe1 c5 32. Bf2 c4 33. Qe3 Qb5
34. Qc1 a5 35. a4 Qxa4 36. Bxb6 Qb5 37. Bf2 a4 38. Qa1 Qe8 39. Kf1 Qd7 40. Kg2
Qe8 41. Kf1 Qb5 42. Kg2 g5 43. Qa3 Kh7 44. h3 Kg6 45. Be3 Qe8 46. Bf2 Be7 47.
Qa1 Qd7 48. Bd4 Bf6 49. Bf2 Be5 50. Qe1 f6 51. Qe3 Qb7 52. Qc1 f5 53. Qe1 Kf6
54. Bd4 Qe7 55. Be3 Bxg3 56. Bxg5+ 1-0

[Event "47th IT Bosna 2017"]
[Site "Sarajevo"]
[Date "2017.05.14"]
[Round "2.18"]
[White "Nikolic, Nebojsa"]
[Black "Kamberovic, Senad"]
[Result "1/2-1/2"]
[WhiteElo "2378"]
[BlackElo "2158"]
[PlyCount "143"]
[EventDate "2017.05.13"]

1. f4 Nc6 2. Nf3 Nf6 3. e3 g6 4. b3 Bg7 5. Bb2 O-O 6. Be2 d6 7. Qc1 Re8 8. d4
e5 9. dxe5 dxe5 10. Nxe5 Nxe5 11. fxe5 Ne4 12. Bf3 Bxe5 13. Bxe5 Rxe5 14. O-O
c6 15. Na3 Nd2 16. Rf2 Nxf3+ 17. Rxf3 Be6 18. c4 Bf5 19. Qc3 Qe7 20. Raf1 Re8
21. Nc2 Bxc2 22. Rxf7 Qxf7 23. Rxf7 Kxf7 24. Qxc2 Rxe3 25. Qf2+ Kg8 26. h3 a6
27. Qd2 Re2 28. Qd7 R8e7 29. Qd8+ Kg7 30. Qd4+ R2e5 31. b4 h5 32. a3 Kh7 33.
Qd6 Re1+ 34. Kh2 R1e2 35. Qf4 R2e4 36. Qf8 Rd7 37. c5 Re3 38. a4 Re4 39. Qc8
Rf7 40. b5 cxb5 41. axb5 axb5 42. c6 Ree7 43. cxb7 Rxb7 44. Qe6 b4 45. Qb3 Rfc7
46. h4 Rc3 47. Qd5 Rbc7 48. Qb5 R3c4 49. g3 Rc1 50. Kh3 R1c4 51. Qb6 Kg7 52.
Qb5 R7c6 53. Qe5+ Kf7 54. Qb5 Ke6 55. Qg5 Kd7 56. Qd5+ Kc7 57. Qa5+ Kd6 58. Qb5
Rd4 59. Qa5 Rg4 60. Qb5 Rc5 61. Qd3+ Kc7 62. Qa6 Rc3 63. Qa7+ Kc6 64. Qa6+ Kc5
65. Qa5+ Kc4 66. Qa2+ b3 67. Qe2+ Rd3 68. Qe6+ Kc3 69. Qe1+ Kc2 70. Qf2+ Rd2
71. Qc5+ Kb1 72. Qc2+ 1/2-1/2

[Event "47th IT Bosna 2017"]
[Site "Sarajevo"]
[Date "2017.05.14"]
[Round "2.19"]
[White "Bistric, Faruk"]
[Black "Jurman, Roberto"]
[Result "1-0"]
[WhiteElo "2349"]
[BlackElo "2152"]
[PlyCount "51"]
[EventDate "2017.05.13"]

1. f4 Nf6 2. Nc3 d5 3. e3 Bg4 4. Be2 Bxe2 5. Qxe2 c6 6. Nf3 e6 7. d3 Nbd7 8.
Bd2 Qc7 9. e4 dxe4 10. Nxe4 Nxe4 11. dxe4 O-O-O 12. O-O-O Be7 13. g3 Rhe8 14.
Bc3 Bf6 15. Bxf6 Nxf6 16. e5 Nd5 17. Ng5 h6 18. Ne4 Re7 19. Rd4 f6 20. Nd6+ Kb8
21. Rhd1 Rf8 22. Kb1 c5 23. R4d2 Qc6 24. exf6 gxf6 25. Rxd5 Rd8 26. Nf5 1-0

[Event "47th IT Bosna 2017"]
[Site "Sarajevo"]
[Date "2017.05.14"]
[Round "2.20"]
[White "Bucan, Eldin"]
[Black "Sarenac, David"]
[Result "0-1"]
[WhiteElo "2126"]
[BlackElo "2346"]
[PlyCount "88"]
[EventDate "2017.05.13"]

1. e4 c5 2. Nf3 d6 3. d4 cxd4 4. Nxd4 Nf6 5. Nc3 a6 6. Bg5 e6 7. f4 b5 8. e5
dxe5 9. fxe5 Qc7 10. exf6 Qe5+ 11. Be2 Qxg5 12. O-O Ra7 13. Ne4 Qe3+ 14. Nf2
Rd7 15. c3 Nc6 16. Bf3 Ne5 17. Ba8 gxf6 18. Qh5 Qg5 19. Qe2 Bg7 20. Ne4 Qg6 21.
Ng3 O-O 22. Be4 f5 23. Bc2 Bb7 24. Rae1 Bd5 25. Rxf5 exf5 26. Ngxf5 Re8 27. Kh1
Qg5 28. h4 Qf6 29. Qh5 h6 30. Re3 Kf8 31. Rg3 Ng6 32. Nxg7 Re1+ 33. Kh2 Qf1 34.
Nge6+ Bxe6 35. Qxh6+ Ke8 36. Rxg6 Qg1+ 37. Kg3 Re3+ 38. Nf3 fxg6 39. Bxg6+ Kd8
40. Qf8+ Kc7 41. Qf4+ Kb7 42. Be4+ Ka7 43. Qf8 Rxf3+ 44. Qxf3 Rg7+ 0-1

[Event "47th IT Bosna 2017"]
[Site "Sarajevo"]
[Date "2017.05.14"]
[Round "2.21"]
[White "Arapovic, Vitomir"]
[Black "Temizkan, Denizcan"]
[Result "1/2-1/2"]
[WhiteElo "2330"]
[BlackElo "2124"]
[PlyCount "55"]
[EventDate "2017.05.13"]

1. e4 e5 2. Nc3 Nf6 3. g3 d5 4. exd5 Nxd5 5. Bg2 Nxc3 6. bxc3 Bc5 7. Nf3 Nc6 8.
O-O O-O 9. Re1 Bg4 10. h3 Bxf3 11. Qxf3 Qd6 12. Qd5 Rad8 13. Qxd6 cxd6 14. Rb1
Rd7 15. Bb2 d5 16. Rbd1 e4 17. c4 f5 18. d4 Bb6 19. cxd5 Na5 20. f3 Nc4 21. Bc1
Rxd5 22. fxe4 Rxd4 23. Rxd4 Bxd4+ 24. Kh2 b5 25. Bf4 Re8 26. Rd1 Be5 27. Bxe5
Rxe5 28. Rd4 1/2-1/2

[Event "47th IT Bosna 2017"]
[Site "Sarajevo"]
[Date "2017.05.14"]
[Round "2.22"]
[White "Strinic, Halid"]
[Black "Sutkovic, Damir"]
[Result "0-1"]
[WhiteElo "2122"]
[BlackElo "2317"]
[PlyCount "72"]
[EventDate "2017.05.13"]

1. e4 c5 2. Nf3 e6 3. d4 cxd4 4. Nxd4 a6 5. c4 Nf6 6. Bd3 Bc5 7. Nc2 Nc6 8. O-O
O-O 9. Nc3 b6 10. Be3 Qc7 11. f4 d6 12. Rc1 Bb7 13. Kh1 Rad8 14. Qe2 Rfe8 15.
a3 Bxe3 16. Nxe3 Nd4 17. Qd1 Qb8 18. Bb1 e5 19. fxe5 dxe5 20. Ncd5 Bxd5 21.
exd5 Qd6 22. b4 Rc8 23. Rc3 a5 24. c5 bxc5 25. Nc4 Qd8 26. bxa5 g6 27. d6 Nd5
28. Rg3 Rc6 29. Qh5 Nf4 30. Qh6 Rxd6 31. Nxd6 Qxd6 32. Re3 Qc6 33. Be4 Qa6 34.
Ree1 Qxa5 35. g3 f5 36. Rxf4 Qxe1+ 0-1

[Event "47th IT Bosna 2017"]
[Site "Sarajevo"]
[Date "2017.05.14"]
[Round "2.23"]
[White "Popovic, Zoran"]
[Black "Aleksic, Neven"]
[Result "1/2-1/2"]
[WhiteElo "2300"]
[BlackElo "2121"]
[PlyCount "74"]
[EventDate "2017.05.13"]

1. d4 Nf6 2. c4 e6 3. Nc3 Bb4 4. Qc2 d5 5. cxd5 Qxd5 6. Nf3 c5 7. Bd2 Bxc3 8.
bxc3 Nc6 9. e3 O-O 10. Bd3 Qd6 11. O-O b6 12. Rfe1 e5 13. dxe5 Nxe5 14. Nxe5
Qxe5 15. c4 Bb7 16. Bc3 Qh5 17. Bxf6 gxf6 18. e4 Kh8 19. f4 Rg8 20. Re3 Rad8
21. g3 Bc6 22. Rae1 Rd4 23. Qf2 Qh3 24. Bf1 Qh6 25. f5 Re8 26. e5 Rxe5 27. Rxe5
fxe5 28. Rxe5 Rd2 29. Re2 Rxe2 30. Qxe2 Qd6 31. Qd3 Qe5 32. Kf2 Kg7 33. Bh3
Qb2+ 34. Qe2 Qd4+ 35. Qe3 Qb2+ 36. Qe2 Qd4+ 37. Qe3 Qb2+ 1/2-1/2

[Event "47th IT Bosna 2017"]
[Site "Sarajevo"]
[Date "2017.05.14"]
[Round "2.24"]
[White "Obuca, Bajro"]
[Black "Vajic, Goran"]
[Result "1/2-1/2"]
[WhiteElo "2117"]
[BlackElo "2295"]
[PlyCount "79"]
[EventDate "2017.05.13"]

1. e4 e5 2. Nf3 Nc6 3. Bc4 Be7 4. d4 d6 5. h3 Nf6 6. Nc3 O-O 7. O-O a6 8. a3 b5
9. Ba2 Bb7 10. Re1 Rc8 11. Nd5 Nxd4 12. Nxd4 exd4 13. Qxd4 c5 14. Qd3 c4 15.
Nxe7+ Qxe7 16. Qd4 d5 17. e5 Ne4 18. Be3 Rfe8 19. f4 f6 20. exf6 Qxf6 21. Qxf6
gxf6 22. Rad1 Re7 23. Bd4 Rg7 24. Kh2 Kf7 25. g4 Rgg8 26. c3 h5 27. gxh5 Rh8
28. Bb1 Rxh5 29. Bxe4 dxe4 30. Bf2 Ke6 31. Bg3 Bd5 32. Rd4 Rch8 33. h4 R8h7 34.
Rf1 Rd7 35. Rfd1 f5 36. Bf2 Rhh7 37. Rg1 Rhg7 38. Rdd1 Rg4 39. Rxg4 fxg4 40.
Kg3 1/2-1/2

[Event "47th IT Bosna 2017"]
[Site "Sarajevo"]
[Date "2017.05.14"]
[Round "2.25"]
[White "Trkulja, Goran"]
[Black "Hrescak, Ivana"]
[Result "1-0"]
[WhiteElo "2291"]
[BlackElo "2111"]
[PlyCount "117"]
[EventDate "2017.05.13"]

1. Nf3 Nf6 2. c4 g6 3. b3 Bg7 4. Bb2 d6 5. g3 O-O 6. Bg2 c6 7. d4 Nbd7 8. O-O
Qc7 9. Nc3 Re8 10. Qd2 Nf8 11. e4 e5 12. d5 c5 13. Ne1 Nh5 14. Nd3 f5 15. f4
exf4 16. Nb5 Qd8 17. Bxg7 Kxg7 18. Nxf4 Nf6 19. Ne6+ Bxe6 20. dxe6 fxe4 21.
Bxe4 a6 22. Nc3 Ra7 23. Nd5 Rxe6 24. Bg2 N8d7 25. Nf4 Re8 26. Qxd6 Qe7 27. Rad1
b5 28. Qxe7+ Rxe7 29. Rd6 Ne8 30. Rc6 Kh6 31. Nd3 Ne5 32. Nxe5 Rxe5 33. Bd5
bxc4 34. bxc4 Re2 35. Rf2 Re1+ 36. Kg2 Rc1 37. Rxc5 Nd6 38. Rc6 Rd7 39. Rf6 Ne8
40. Rf1 Rc2+ 41. Rf2 Rc3 42. Rxa6 Nc7 43. Ra7 Re7 44. Ra5 Nxd5 45. cxd5 Rd3 46.
a4 Re4 47. Ra2 Rdd4 48. Kf3 Kg7 49. Ra7+ Kf6 50. a5 Ra4 51. Rxa4 Rxa4 52. d6
Ke6 53. d7 Ke7 54. a6 h5 55. Ra8 Kxd7 56. a7 Kc7 57. Rg8 Rxa7 58. Rg7+ Kb8 59.
Rxa7 1-0

[Event "47th IT Bosna 2017"]
[Site "Sarajevo"]
[Date "2017.05.14"]
[Round "2.26"]
[White "Schettler, Juergen"]
[Black "Burovic, Rijad"]
[Result "1/2-1/2"]
[WhiteElo "2111"]
[BlackElo "2290"]
[PlyCount "71"]
[EventDate "2017.05.13"]

1. Nf3 g6 2. c4 Bg7 3. Nc3 d6 4. d4 Nf6 5. e4 O-O 6. h3 e5 7. Bd3 exd4 8. Nxd4
Re8 9. Be3 Nbd7 10. O-O Nc5 11. f3 Nxd3 12. Qxd3 Nd7 13. Qd2 a6 14. Rac1 Rb8
15. b3 Nf8 16. Qf2 Bd7 17. Rfd1 b5 18. c5 b4 19. Nce2 Qe7 20. cxd6 cxd6 21. Nc6
Bxc6 22. Rxc6 f5 23. Nf4 fxe4 24. Nd5 Qd8 25. fxe4 Rb7 26. Bd4 Rf7 27. Qb2
Bxd4+ 28. Qxd4 a5 29. Rf1 Rxf1+ 30. Kxf1 Ne6 31. Qc4 Kg7 32. Nc7 Qf6+ 33. Kg1
Qa1+ 34. Kh2 Qe5+ 35. Kg1 Qa1+ 36. Kh2 1/2-1/2

[Event "47th IT Bosna 2017"]
[Site "Sarajevo"]
[Date "2017.05.14"]
[Round "2.27"]
[White "Ozen, Bahadir"]
[Black "Petrovic, Marija"]
[Result "1-0"]
[WhiteElo "2289"]
[BlackElo "2083"]
[PlyCount "89"]
[EventDate "2017.05.13"]

1. g3 g6 2. Bg2 Bg7 3. d3 d5 4. Nf3 Nf6 5. O-O O-O 6. Nbd2 c6 7. e4 dxe4 8.
dxe4 Bg4 9. h3 Bxf3 10. Qxf3 Nbd7 11. Qe2 e5 12. b3 b5 13. Bb2 Re8 14. a4 a6
15. axb5 axb5 16. Rxa8 Qxa8 17. Ra1 Qb7 18. Nf3 Qb6 19. h4 Nh5 20. Kh2 Nf8 21.
Bh3 h6 22. Kg2 Kh7 23. Qe1 Ne6 24. Bxe6 Rxe6 25. Ra8 Bf6 26. Qa1 Qc5 27. Qa7
Qxa7 28. Rxa7 Kg7 29. Ne1 g5 30. hxg5 hxg5 31. Nd3 Kg6 32. Rc7 Bg7 33. Kf3 g4+
34. Kxg4 Nf6+ 35. Kf3 Ne8 36. Rc8 f5 37. Nc5 fxe4+ 38. Ke2 Re7 39. Rxc6+ Kf5
40. g4+ Kxg4 41. Nxe4 Rc7 42. f3+ Kf5 43. Ng3+ Kf4 44. Nh5+ Kg5 45. Rxc7 1-0

[Event "47th IT Bosna 2017"]
[Site "Sarajevo"]
[Date "2017.05.14"]
[Round "2.28"]
[White "Obad, Andrija"]
[Black "Cunjalo, Faris"]
[Result "1-0"]
[WhiteElo "2256"]
[BlackElo "2042"]
[PlyCount "131"]
[EventDate "2017.05.13"]

1. e4 c6 2. d4 d5 3. Nc3 dxe4 4. Nxe4 Bf5 5. Ng3 Bg6 6. Nh3 e6 7. Nf4 Bd6 8. c3
Nf6 9. h4 Qe7 10. h5 Bf5 11. Be2 Nbd7 12. Be3 Nd5 13. Nxd5 cxd5 14. Nxf5 exf5
15. Qd3 Qe4 16. O-O-O Qxd3 17. Bxd3 f4 18. Bd2 O-O-O 19. Rh4 g5 20. hxg6 hxg6
21. Rdh1 Rxh4 22. Rxh4 g5 23. Rh7 Rf8 24. Bf5 Kd8 25. g3 Ke7 26. Bxd7 Kxd7 27.
gxf4 Bxf4 28. Kd1 Ke6 29. Ke2 Rg8 30. Rh1 Kf5 31. Kf3 Rg6 32. Rh5 Ke6 33. Bxf4
gxf4 34. Kxf4 Rg1 35. Re5+ Kd6 36. Kf5 Rg2 37. Re2 Rg6 38. f4 b5 39. Rh2 Re6
40. Rg2 Ke7 41. Rg8 Re2 42. Ra8 Rxb2 43. Rxa7+ Ke8 44. Ke5 Rc2 45. Ra3 Rf2 46.
Ra5 Rf3 47. Rxb5 Rxc3 48. Kxd5 Ra3 49. Rb2 Kd7 50. Ke5 Ke7 51. d5 Ra6 52. Rb7+
Ke8 53. d6 Rxa2 54. Kf6 Ra6 55. Rb8+ Kd7 56. Kxf7 Rxd6 57. f5 Rd1 58. f6 Rh1
59. Rb2 Rh7+ 60. Kg6 Rh1 61. Re2 Rg1+ 62. Kh7 Rf1 63. Kg7 Rg1+ 64. Kf8 Rg3 65.
Kf7 Ra3 66. Re7+ 1-0

[Event "47th IT Bosna 2017"]
[Site "Sarajevo"]
[Date "2017.05.14"]
[Round "2.29"]
[White "Medic, Nevenko"]
[Black "Kadric, Denis"]
[Result "0-1"]
[WhiteElo "1996"]
[BlackElo "2535"]
[PlyCount "62"]
[EventDate "2017.05.13"]

1. d4 g6 2. c4 Bg7 3. Nc3 c5 4. d5 Bxc3+ 5. bxc3 f5 6. g3 Qa5 7. Qb3 Nf6 8. Bg2
d6 9. Nh3 Nbd7 10. Ng5 Nb6 11. O-O Bd7 12. Ne6 Kf7 13. Ng5+ Kg7 14. e4 h6 15.
Ne6+ Bxe6 16. dxe6 Nxe4 17. Bxe4 fxe4 18. Re1 Raf8 19. Rxe4 Rf3 20. Be3 Qa4 21.
Rb1 Qc6 22. Rg4 Rf6 23. a4 Qxa4 24. Qxa4 Nxa4 25. Rxb7 Rxe6 26. Rxa7 Nxc3 27.
Kg2 Rb8 28. h4 Rb2 29. Kf3 h5 30. Rf4 Ne2 31. Re4 Ng1+ 0-1

[Event "47th IT Bosna 2017"]
[Site "Sarajevo"]
[Date "2017.05.14"]
[Round "2.30"]
[White "Lapo, Safet"]
[Black "Nestorovic, Dejan"]
[Result "0-1"]
[WhiteElo "1844"]
[BlackElo "2375"]
[PlyCount "138"]
[EventDate "2017.05.13"]

1. d4 Nf6 2. Bf4 e6 3. e3 c5 4. c3 d5 5. Bxb8 Rxb8 6. Nf3 Bd7 7. Ne5 Bd6 8.
Nxd7 Qxd7 9. Nd2 O-O 10. Bd3 b5 11. a3 e5 12. dxe5 Bxe5 13. Nf3 Bc7 14. Qc2
Rfe8 15. Rd1 Qe7 16. O-O Rb6 17. Rfe1 g6 18. Qe2 a6 19. b4 Ra8 20. Qd2 Rc6 21.
Qe2 Be5 22. Nxe5 Qxe5 23. Qd2 Rac8 24. Rc1 Qc7 25. Ra1 cxb4 26. cxb4 Qe5 27.
Rac1 Rc3 28. a4 Ne4 29. Bxe4 dxe4 30. axb5 axb5 31. Rxc3 Qxc3 32. Qxc3 Rxc3 33.
Rb1 f5 34. Kf1 Rc2 35. h3 Kf7 36. g4 Kf6 37. Kg2 fxg4 38. hxg4 Kg5 39. Rd1 Kxg4
40. Rd5 Rb2 41. Rxb5 h5 42. Rb8 h4 43. b5 h3+ 44. Kg1 h2+ 45. Kxh2 Rxf2+ 46.
Kg1 Rb2 47. b6 Kg3 48. Kf1 Kf3 49. Kg1 Kxe3 50. b7 g5 51. Kf1 g4 52. Kg1 g3 53.
Kf1 Rf2+ 54. Kg1 Rf7 55. Kg2 Kf4 56. Rg8 Rxb7 57. Rf8+ Ke3 58. Kxg3 Rg7+ 59.
Kh2 Ke2 60. Ra8 e3 61. Rd8 Kf2 62. Rf8+ Ke1 63. Rd8 e2 64. Rd5 Kf2 65. Rf5+ Ke3
66. Re5+ Kf3 67. Re6 Rg4 68. Rf6+ Ke3 69. Kh3 Rf4 0-1